[Event "GER-chT U16"]
[Site "Magdeburg"]
[Date "2023.12.29"]
[Round "6.3"]
[White "Bungarten, Jona"]
[Black "Reus, Nicholas"]
[Result "1/2-1/2"]
[WhiteElo "2085"]
[BlackElo "1742"]
[PlyCount "73"]
[EventDate "2023.12.26"]
[EventType "team-swiss"]
[EventRounds "7"]
[EventCountry "GER"]
[SourceTitle "CB03_2024"]
[SourceDate "2024.01.17"]
[SourceVersion "1"]
[SourceVersionDate "2024.01.17"]
[SourceQuality "1"]
[WhiteTeam "Brackel"]
[BlackTeam "Stuttgart SF"]
[WhiteTeamCountry "GER"]
[BlackTeamCountry "GER"]

1. e4 c6 2. d4 d5 3. exd5 cxd5 4. c4 Nf6 5. Nc3 Nc6 6. Bg5 e6 7. Nf3 Be7 8. Bd3 0-0 9. 0-0 Nb4 10. Be2 dxc4 11. Bxc4 b6 12. Re1 Bb7 13. Ne5 Nbd5 14. Rc1 Rc8 15. Qf3 Nxc3 16. Qxb7 Rc7 17. Qf3 Ncd5 18. Bb3 h6 19. Bd2 Bd6 20. a3 Qe7 21. Nc4 Rfc8 22. g4 b5 23. Nxd6 Qxd6 24. Rcd1 Rd7 25. h4 Ne8 26. g5 hxg5 27. hxg5 g6 28. Re4 Ng7 29. Rh4 Nh5 30. Re1 Ne7 31. Ree4 Nf5 32. Rxh5 gxh5 33. Bc3 Rxc3 34. Qxc3 Nxd4 35. Bd1 Qd5 36. Bxh5 Qxe4 37. Qc8+ 1/2-1/2

[Event "GER-chT U16"]
[Site "Magdeburg"]
[Date "2023.12.27"]
[Round "1.2"]
[White "Bungarten, Jona"]
[Black "Trunz, Michelle"]
[Result "1/2-1/2"]
[WhiteElo "2085"]
[BlackElo "2024"]
[PlyCount "93"]
[EventDate "2023.12.26"]
[EventType "team-swiss"]
[EventRounds "7"]
[EventCountry "GER"]
[SourceTitle "CB03_2024"]
[SourceDate "2024.01.17"]
[SourceVersion "1"]
[SourceVersionDate "2024.01.17"]
[SourceQuality "1"]
[WhiteTeam "Brackel"]
[BlackTeam "Porz SG"]
[WhiteTeamCountry "GER"]
[BlackTeamCountry "GER"]

1. e4 c5 2. Nf3 d6 3. c3 Nf6 4. Qc2 Nc6 5. d4 cxd4 6. cxd4 e6 7. Nc3 Be7 8. Bg5 0-0 9. Rd1 a6 10. e5 Nd5 11. h4 h6 12. Qe4 Nxc3 13. bxc3 d5 14. Qg4 f5 15. exf6 Bxf6 16. Bxh6 e5 17. Qg3 exd4 18. cxd4 Re8+ 19. Be3 Qa5+ 20. Rd2 Nxd4 21. Nxd4 Bxd4 22. Bd3 Bc3 23. Kd1 Bxd2 24. Bxd2 Qa4+ 25. Bc2 Qg4+ 26. Qxg4 Bxg4+ 27. f3 Bd7 28. h5 Bb5 29. h6 Rac8 30. Bg5 Re5 31. f4 Re3 32. hxg7 Rec3 33. Bf5 Rc1+ 34. Kd2 Rxh1 35. Bxc8 Kxg7 36. Bxb7 Bc4 37. Ke3 Rd1 38. f5 d4+ 39. Kf4 d3 40. Ke5 Rb1 41. Bf3 Rb5+ 42. Ke4 Rd5 43. Bd2 Rd7 44. a3 Bd5+ 45. Kf4 Bxf3 46. Kxf3 Kf6 47. g4 1/2-1/2

[Event "GER-chT U16"]
[Site "Darmstadt"]
[Date "2022.12.29"]
[Round "5"]
[White "Schwartz, Oliver"]
[Black "Bungarten, Jona"]
[Result "1-0"]
[WhiteElo "1868"]
[BlackElo "2151"]
[PlyCount "53"]
[EventDate "2022.12.26"]
[EventType "team-swiss"]
[EventRounds "7"]
[EventCountry "GER"]
[SourceTitle "CBM 212 Extra"]
[Source "ChessBase"]
[SourceDate "2023.03.31"]
[SourceVersion "1"]
[SourceVersionDate "2023.03.31"]
[SourceQuality "1"]
[WhiteTeam "Ostfildern"]
[BlackTeam "Brackel"]
[WhiteTeamCountry "GER"]
[BlackTeamCountry "GER"]

1. d4 d5 2. c4 e6 3. Nc3 c5 4. cxd5 cxd4 5. Qa4+ Bd7 6. Qxd4 exd5 7. Qxd5 Nc6 8. Nf3 Nf6 9. Qb3 Bc5 10. e3 Be6 11. Bc4 Bxc4 12. Qxc4 Qe7 13. 0-0 0-0 14. Bd2 Rfd8 15. Rfd1 Rac8 16. Be1 Bd6 17. Qe2 Ne5 18. Nb5 Nxf3+ 19. gxf3 Bb8 20. Nd4 Nd5 21. f4 Qf6 22. Qg4 Rc5 23. Nb3 Rc2 24. Rd4 Nb6 25. Bc3 g6 26. Rxd8+ Qxd8 27. Nd4 1-0

[Event "GER-chT U16"]
[Site "Darmstadt"]
[Date "2022.12.28"]
[Round "4"]
[White "Bungarten, Jona"]
[Black "Reichmann, Felix"]
[Result "1/2-1/2"]
[WhiteElo "2151"]
[BlackElo "1813"]
[PlyCount "83"]
[EventDate "2022.12.26"]
[EventType "team-swiss"]
[EventRounds "7"]
[EventCountry "GER"]
[SourceTitle "CBM 212 Extra"]
[Source "ChessBase"]
[SourceDate "2023.03.31"]
[SourceVersion "1"]
[SourceVersionDate "2023.03.31"]
[SourceQuality "1"]
[WhiteTeam "Brackel"]
[BlackTeam "Berlin Nord Ost"]
[WhiteTeamCountry "GER"]
[BlackTeamCountry "GER"]

1. e4 c5 2. d4 cxd4 3. c3 dxc3 4. Nxc3 e6 5. Nf3 a6 6. Bc4 b5 7. Bb3 Nc6 8. 0-0 Na5 9. Re1 Nxb3 10. Qxb3 Bb7 11. Be3 Nf6 12. Bd4 Be7 13. Ne5 d6 14. Nd3 e5 15. Be3 Nxe4 16. Nd5 Nf6 17. Nb6 Rb8 18. a4 Bc6 19. Nb4 Rxb6 20. a5 Rb7 21. Nxc6 Qa8 22. f4 Rc7 23. fxe5 dxe5 24. Nxe5 0-0 25. Rad1 Qc8 26. Kh1 Qe6 27. Qxe6 fxe6 28. Bb6 Rc2 29. Nd3 Rc6 30. Ne5 Rd6 31. Rc1 Rd2 32. Nc6 Bd6 33. Rxe6 Ng4 34. Nd4 Nf2+ 35. Kg1 Nd3 36. Rb1 Bc5 37. Bxc5 Nxc5 38. Rc6 Rxd4 39. Rxc5 Rd2 40. Rf1 Rxb2 41. Rxf8+ Kxf8 42. Rc6 1/2-1/2

[Event "GER-chT U16"]
[Site "Darmstadt"]
[Date "2022.12.27"]
[Round "2"]
[White "Bungarten, Jona"]
[Black "Bilovil, Bogdan"]
[Result "1/2-1/2"]
[WhiteElo "2151"]
[BlackElo "2373"]
[PlyCount "69"]
[EventDate "2022.12.26"]
[EventType "team-swiss"]
[EventRounds "7"]
[EventCountry "GER"]
[SourceTitle "CBM 212 Extra"]
[Source "ChessBase"]
[SourceDate "2023.03.31"]
[SourceVersion "1"]
[SourceVersionDate "2023.03.31"]
[SourceQuality "1"]
[WhiteTeam "Brackel"]
[BlackTeam "Rheda"]
[WhiteTeamCountry "GER"]
[BlackTeamCountry "GER"]

1. e4 c5 2. d4 cxd4 3. c3 Nf6 4. e5 Nd5 5. Nf3 Nc6 6. Bc4 Nb6 7. Bb3 d5 8. exd6 Qxd6 9. 0-0 Be6 10. Na3 dxc3 11. Bxe6 Qxd1 12. Rxd1 fxe6 13. Nb5 Rc8 14. Nxc3 h6 15. Nd4 Nxd4 16. Rxd4 Nc4 17. Re4 Kf7 18. Nb5 a6 19. Nd4 Rd8 20. f4 g6 21. Nxe6 Rd1+ 22. Kf2 Nd6 23. Re2 Bg7 24. Nxg7 Rc8 25. Ne6 Rcxc1 26. Rxc1 Rxc1 27. g4 b5 28. Nd4 Ra1 29. b3 Rc1 30. Nf3 a5 31. Ne5+ Kf6 32. Nd7+ Kf7 33. Ne5+ Kf6 34. Nd7+ Kf7 35. Ne5+ 1/2-1/2

[Event "Muenster op-A 39th"]
[Site "Muenster"]
[Date "2022.10.03"]
[Round "4"]
[White "Sandkamp, Ralph"]
[Black "Bungarten, Jona"]
[Result "0-1"]
[WhiteElo "2241"]
[BlackElo "2010"]
[PlyCount "104"]
[EventDate "2022.10.01"]
[EventType "swiss"]
[EventRounds "9"]
[EventCountry "GER"]
[SourceTitle "EXT 2023"]
[Source "ChessBase"]
[SourceDate "2022.10.05"]
[SourceVersion "1"]
[SourceVersionDate "2022.10.05"]
[SourceQuality "1"]

1. Nf3 d5 2. g3 Nf6 3. Bg2 c5 4. 0-0 b5 5. d4 c4 6. b3 Bb7 7. Ne5 Qb6 8. Nc3 cxb3 9. cxb3 e6 10. Qd3 b4 11. Na4 Qa5 12. Bd2 Nbd7 13. f4 Ba6 14. Qe3 Qb5 15. Bf3 Bd6 16. f5 0-0 17. fxe6 fxe6 18. Nc4 Bxg3 19. Qxe6+ Kh8 20. Nd6 Bxd6 21. Qxd6 Ne4 22. Qxb4 Nxd2 23. Qxd2 Nf6 24. Qg5 Qb4 25. Rad1 Rae8 26. Nc5 Bxe2 27. Bxe2 Rxe2 28. Qxd5 Rfe8 29. Qf3 Rxa2 30. Rf2 Re1+ 31. Rxe1 Qxe1+ 32. Kg2 Ra1 33. Kh3 h5 34. Re2 Qg1 35. Ne6 Rc1 36. Rg2 Qe1 37. Qa8+ Ng8 38. Qd5 Rc3+ 39. Rg3 Qf1+ 40. Kh4 Qf6+ 41. Qg5 Rxg3 42. hxg3 Qxe6 43. Qxh5+ Nh6 44. g4 Kg8 45. d5 Qe1+ 46. Kg5 Qe5+ 47. Kh4 Qxh5+ 48. gxh5 Nf7 49. Kg4 Nd6 50. b4 Kf7 51. Kg5 Ne4+ 52. Kf5 Nf6 0-1

[Event "GER-chT U14"]
[Site "Willingen"]
[Date "2022.08.13"]
[Round "2.3"]
[White "Reus, Nicholas"]
[Black "Bungarten, Jona"]
[Result "0-1"]
[WhiteElo "1663"]
[BlackElo "2012"]
[PlyCount "92"]
[EventDate "2022.08.13"]
[EventType "team-swiss"]
[EventRounds "7"]
[EventCountry "GER"]
[SourceTitle "EXT 2023"]
[Source "ChessBase"]
[SourceDate "2022.10.05"]
[SourceVersion "1"]
[SourceVersionDate "2022.10.05"]
[SourceQuality "1"]
[WhiteTeam "Stuttgart SF"]
[BlackTeam "Brackel"]
[WhiteTeamCountry "GER"]
[BlackTeamCountry "GER"]

1. c4 e6 2. Nc3 d5 3. d4 c5 4. e3 Nf6 5. Nf3 a6 6. cxd5 exd5 7. dxc5 Bxc5 8. Be2 0-0 9. 0-0 Nc6 10. a3 Qd6 11. Nd4 Bb6 12. f4 Re8 13. Rf3 Bg4 14. Rg3 Bxe2 15. Ncxe2 Qd7 16. Qd3 Ne4 17. Rh3 Rac8 18. b3 Nxd4 19. exd4 Qg4 20. Rf3 Re6 21. f5 Rec6 22. h3 Qh4 23. Be3 Rc2 24. Rc1 Rxc1+ 25. Bxc1 Qf6 26. Be3 Qd6 27. a4 Qa3 28. f6 Nxf6 29. Rxf6 gxf6 30. Bh6 Qd6 31. Qf3 f5 32. Qxf5 Re8 33. Qg5+ Qg6 34. Kf2 Qxg5 35. Bxg5 Kg7 36. Be3 Rc8 37. Nf4 Rc3 38. Nxd5 Rxb3 39. Nxb6 Rxb6 40. Bd2 Kf6 41. a5 Rb3 42. h4 Kf5 43. h5 Ke4 44. g4 Kxd4 45. g5 Rh3 46. Kg2 Rxh5 0-1

[Event "GER-ch U16"]
[Site "Willingen"]
[Date "2022.06.09"]
[Round "7"]
[White "Chassard, Cedric"]
[Black "Bungarten, Jona"]
[Result "1-0"]
[WhiteElo "2072"]
[BlackElo "1843"]
[PlyCount "67"]
[EventDate "2022.06.04"]
[EventType "swiss"]
[EventRounds "9"]
[EventCountry "GER"]
[SourceTitle "CBM 208 Extra"]
[Source "ChessBase"]
[SourceDate "2022.07.31"]
[SourceVersion "1"]
[SourceVersionDate "2022.07.31"]
[SourceQuality "1"]

1. e4 e5 2. Nf3 Nc6 3. Bb5 Nf6 4. 0-0 Nxe4 5. Re1 Nf6 6. Nxe5 Be7 7. d4 0-0 8. c4 Na5 9. Bd2 Nc6 10. Bc3 a6 11. Ba4 Rb8 12. Qd3 Nb4 13. Qe2 b5 14. cxb5 axb5 15. Bxb5 Nc2 16. Qxc2 Rxb5 17. Qe2 Rb6 18. Nxd7 Re6 19. Ne5 c5 20. Qd2 cxd4 21. Qxd4 Qc7 22. Nd2 Bc5 23. Qh4 Nd5 24. Bd4 Rh6 25. Qe4 Bxd4 26. Qxd4 Be6 27. Ndf3 Rc8 28. Nd3 Rd8 29. Rac1 Qa5 30. a3 Ne7 31. Qc5 Qa8 32. Qxe7 Rxd3 33. Red1 Rxd1+ 34. Rxd1 1-0

[Event "GER-ch U16"]
[Site "Willingen"]
[Date "2022.06.08"]
[Round "6"]
[White "Bungarten, Jona"]
[Black "Kort, Felix"]
[Result "0-1"]
[WhiteElo "1843"]
[BlackElo "1888"]
[PlyCount "80"]
[EventDate "2022.06.04"]
[EventType "swiss"]
[EventRounds "9"]
[EventCountry "GER"]
[SourceTitle "CBM 208 Extra"]
[Source "ChessBase"]
[SourceDate "2022.07.31"]
[SourceVersion "1"]
[SourceVersionDate "2022.07.31"]
[SourceQuality "1"]

1. e4 e5 2. Nf3 Nc6 3. Bc4 Bc5 4. c3 Nf6 5. d4 exd4 6. cxd4 Bb4+ 7. Nc3 Nxe4 8. 0-0 Bxc3 9. d5 Bf6 10. Re1 Ne7 11. Rxe4 d6 12. Bg5 Bxg5 13. Nxg5 h6 14. Qe2 hxg5 15. Re1 Be6 16. h3 Rh6 17. dxe6 f6 18. Rg4 c6 19. b4 d5 20. Bd3 Qd6 21. a4 0-0-0 22. Qb2 Kb8 23. Qd4 Rdh8 24. f4 Rh5 25. fxg5 f5 26. Rf4 Rxg5 27. h4 Rgh5 28. a5 R8h6 29. Ref1 Qxe6 30. a6 Qf6 31. Qe3 Rxh4 32. Rxh4 Rxh4 33. Re1 Nc8 34. axb7 Kxb7 35. Rd1 Qh6 36. Ba6+ Kxa6 37. Ra1+ Kb7 38. Rxa7+ Nxa7 39. Qe7+ Ka6 40. b5+ Nxb5 0-1

[Event "GER-chT School WK 2"]
[Site "Playchess.com INT"]
[Date "2020.06.15"]
[Round "5.3"]
[White "Tran, Mario"]
[Black "Bungarten, Jona"]
[Result "0-1"]
[WhiteElo "1629"]
[BlackElo "1620"]
[PlyCount "90"]
[EventDate "2020.06.08"]
[EventType "team-swiss (blitz)"]
[EventRounds "7"]
[EventCountry "GER"]
[SourceTitle "EXT 2021"]
[Source "ChessBase"]
[SourceDate "2020.10.23"]
[SourceVersion "1"]
[SourceVersionDate "2020.10.23"]
[SourceQuality "1"]
[WhiteTeam "NDS W Raabe Gymn"]
[BlackTeam "Bad Krozingen Max Planck"]
[WhiteTeamCountry "GER"]
[BlackTeamCountry "GER"]

1. e4 e5 2. Nf3 Nc6 3. Nc3 Nf6 4. Be2 d5 5. d3 Bb4 6. Bd2 d4 7. Nb1 Bd6 8. 0-0 0-0 9. c3 Bg4 10. h3 Bxf3 11. Bxf3 Bc5 12. b4 dxc3 13. Nxc3 Nxb4 14. Re1 Nxd3 15. Re2 Qd4 16. Re3 Rad8 17. Qe2 Nxf2 18. Qxf2 Qxd2 19. Qxd2 Rxd2 20. Rae1 Rd3 21. Kf2 Rxc3 22. Kf1 Rxe3 23. Rc1 Bb6 24. Rc4 Rd8 25. a4 Rd4 26. Rc2 Nxe4 27. Bh5 Ng3+ 28. Kf2 Rf4+ 29. Bf3 Rexf3+ 30. Ke1 Bf2+ 31. Kd1 Rd4+ 32. Kc1 Be3+ 33. Kb2 Rf2 34. Rxf2 Bxf2 35. Kc3 Rxa4 36. Kd3 e4+ 37. Kc3 e3 38. Kd3 e2 39. Kc3 e1Q+ 40. Kb3 Qb4+ 41. Kc2 Ra2+ 42. Kd3 Qd2+ 43. Kc4 Ra4+ 44. Kb3 Rb4+ 45. Ka3 Qb2# 0-1

[Event "GER-chT U12"]
[Site "Magdeburg"]
[Date "2019.12.27"]
[Round "2.2"]
[White "Bungarten, Jona"]
[Black "Kempe, Caius Emilian"]
[Result "1-0"]
[WhiteElo "1750"]
[BlackElo "1832"]
[PlyCount "57"]
[EventDate "2019.12.27"]
[EventType "team-swiss"]
[EventRounds "7"]
[EventCountry "GER"]
[SourceTitle "CBM 194 Extra"]
[Source "ChessBase"]
[SourceDate "2020.03.31"]
[SourceVersion "1"]
[SourceVersionDate "2020.03.31"]
[SourceQuality "1"]
[WhiteTeam "Brackel"]
[BlackTeam "Dresden TU"]
[WhiteTeamCountry "GER"]
[BlackTeamCountry "GER"]

1. e4 c5 2. d4 cxd4 3. c3 dxc3 4. Nxc3 Nc6 5. Nf3 e6 6. Bc4 Qc7 7. Qe2 Nf6 8. e5 Ng4 9. Nb5 Qb8 10. 0-0 a6 11. Nd6+ Bxd6 12. exd6 Qxd6 13. Rd1 Qc7 14. Qe4 f5 15. Qe2 0-0 16. g3 b5 17. Bf4 Qa7 18. Bb3 Kh8 19. Rac1 Na5 20. Rc7 Qb6 21. Qc2 d5 22. Ne5 Nf6 23. Be3 Qb8 24. Qc5 Kg8 25. Rxg7+ Kxg7 26. Qe7+ Kg8 27. Bh6 Rf7 28. Qxf7+ Kh8 29. Bg7# 1-0

[Event "GER-chT Lands U20"]
[Site "Wuerzburg"]
[Date "2019.10.04"]
[Round "5.2"]
[White "Bungarten, Jona"]
[Black "Schnabel, Luise"]
[Result "1/2-1/2"]
[WhiteElo "1669"]
[BlackElo "1900"]
[PlyCount "49"]
[EventDate "2019.10.01"]
[EventType "team-swiss"]
[EventRounds "7"]
[EventCountry "GER"]
[SourceTitle "EXT 2020"]
[Source "ChessBase"]
[SourceDate "2019.10.17"]
[SourceVersion "1"]
[SourceVersionDate "2019.10.17"]
[SourceQuality "1"]
[WhiteTeam "Nordrhein Westfalen"]
[BlackTeam "Berlin"]
[WhiteTeamCountry "GER"]
[BlackTeamCountry "GER"]

1. e4 Nf6 2. e5 Nd5 3. d4 d6 4. Bc4 e6 5. Nf3 Nb6 6. Bb3 Nc6 7. 0-0 Be7 8. Nc3 0-0 9. Qe2 Bd7 10. Ne4 Na5 11. Bf4 Bc6 12. exd6 cxd6 13. Rad1 Nxb3 14. axb3 Nd5 15. Bg3 Nf6 16. Nfd2 Rc8 17. c4 d5 18. Nc3 dxc4 19. Nxc4 a6 20. Rfe1 Bd5 21. f3 b5 22. Nxd5 Nxd5 23. Ne5 Nb4 24. Rd2 Qd5 25. Qd1 1/2-1/2

[Event "Dortmund Sparkassen op-B 47th"]
[Site "Dortmund"]
[Date "2019.07.13"]
[Round "1"]
[White "Bungarten, Jona"]
[Black "Ziemek, Gerhard"]
[Result "1-0"]
[WhiteElo "1818"]
[BlackElo "1592"]
[PlyCount "67"]
[EventDate "2019.07.13"]
[EventType "swiss"]
[EventRounds "9"]
[EventCountry "GER"]
[SourceTitle "CBM 192 Extra"]
[Source "Chessbase"]
[SourceDate "2019.11.06"]
[SourceVersion "1"]
[SourceVersionDate "2019.11.06"]
[SourceQuality "1"]

1. e4 c5 2. d4 cxd4 3. c3 dxc3 4. Nxc3 e6 5. Bf4 a6 6. Nf3 Nc6 7. Bc4 Be7 8. 0-0 Nf6 9. e5 Ng8 10. Ne4 f5 11. Ng3 b5 12. Bb3 Na5 13. Bc2 Nc4 14. Nd4 d6 15. Nc6 Qc7 16. Nxe7 Qxe7 17. exd6 Qd7 18. b3 Nb6 19. Re1 Kf8 20. Be5 Qf7 21. Qd4 Nd7 22. Bd1 Ngf6 23. Rc1 Nxe5 24. Rxe5 Nd7 25. Re1 Qf6 26. Qd3 Kf7 27. Rc7 Rd8 28. Bf3 Rb8 29. Nh5 Qh6 30. Qd4 g5 31. Ng3 g4 32. Rxe6 Qg5 33. Re7+ Kf8 34. Bd5 1-0